[Event "Azerbaijan Championship 2021"]
[Site "Nakhchivan"]
[Date "2021.05.12"]
[Round "9.6"]
[White "Gadimbayli, Abdulla"]
[Black "Sevdimaliyev, Urfan"]
[Result "1/2-1/2"]
[WhiteElo "2470"]
[BlackElo "2371"]
[Annotator "ChessBase"]
[PlyCount "88"]
[EventDate "2021.05.04"]
[EventType "tourn"]
[EventCountry "AZE"]
[SourceTitle "playchess.com"]
[Source "ChessBase"]
[SourceQuality "1"]
[TimeControl "40/5400+30:1800+30"]

1. e4 {[%emt 0:00:00]} e6 {[%emt 0:00:55]} 2. d4 {[%emt 0:00:00]} d5 {[%emt 0:00:04]} 3. Nd2 {[%emt 0:00:00]} c5 {[%emt 0:00:05]} 4. exd5 {[%emt 0:00:52]} Qxd5 {[%emt 0:00:06]} 5. Ngf3 {[%emt 0:00:05]} cxd4 {[%emt 0:00:07]} 6. Bc4 {[%emt 0:00:06]} Qd6 {[%emt 0:00:12]} 7. O-O {[%emt 0:00:33]} Nf6 {[%emt 0:00:15]} 8. Nb3 {[%emt 0:00:33]} Nc6 {[%emt 0:00:14]} 9. Nbxd4 {[%emt 0:00:19]} Nxd4 {[%emt 0:00:06]} 10. Nxd4 {[%emt 0:00:04]} a6 {[%emt 0:00:12]} 11. Re1 {[%emt 0:00:26]} Qc7 {[%emt 0:00:23]} 12. Bf1 {[%emt 0:00:27]} Be7 {[%emt 0:00:56]} 13. Qf3 {[%emt 0:01:41]} O-O {[%emt 0:00:30]} 14. Bf4 {[%emt 0:03:49]} Bd6 {[%emt 0:00:24]} 15. Bxd6 {[%emt 0:01:54]} Qxd6 {[%emt 0:00:05]} 16. Rad1 {[%emt 0:00:06]} Qb6 {[%emt 0:00:45]} 17. Qb3 {[%emt 0:02:53]} Qc7 {[%emt 0:00:24]} 18. Qc4 {[%emt 0:12:33]} Qxc4 {[%emt 0:11:44]} 19. Bxc4 {[%emt 0:00:04]} b5 {[%emt 0:01:00]} 20. Bf1 {[%emt 0:30:28]} Bb7 {[%emt 0:02:52]} 21. c3 {[%emt 0:02:36]} Nd5 {[%emt 0:11:19]} 22. c4 {[%emt 0:12:02]} bxc4 {[%emt 0:02:46]} 23. Bxc4 {[%emt 0:00:10]} Nb6 {[%emt 0:08:40]} 24. Bb3 {[%emt 0:14:21]} Rfd8 {[%emt 0:21:02]} 25. f3 {[%emt 0:04:32]} a5 {[%emt 0:04:34]} 26. Nb5 {[%emt 0:02:12]} a4 {[%emt 0:05:40]} 27. Bc2 {[%emt 0:00:46]} Bc6 {[%emt 0:01:44]} 28. Nc3 {[%emt 0:03:16]} Nd5 {[%emt 0:03:18]} 29. Nxd5 {[%emt 0:01:46]} Bxd5 {[%emt 0:00:19]} 30. Be4 {[%emt 0:01:11]} Bxe4 {[%emt 0:07:00]} 31. Rxd8+ {[%emt 0:00:06]} Rxd8 {[%emt 0:00:03]} 32. Rxe4 {[%emt 0:00:19]} g5 {[%emt 0:02:50]} 33. Kf2 {[%emt 0:01:06]} a3 {[%emt 0:07:29]} 34. bxa3 {[%emt 0:02:17]} Rd2+ {[%emt 0:00:12]} 35. Re2 {[%emt 0:00:26]} Rd3 {[%emt 0:00:06]} 36. Re3 {[%emt 0:00:06]} Rd2+ {[%emt 0:00:04]} 37. Re2 {[%emt 0:00:03]} Rd3 {[%emt 0:00:03]} 38. Ke1 {[%emt 0:01:55]} Rxa3 {[%emt 0:00:53]} 39. Kd1 {[%emt 0:00:27]} f5 {[%emt 0:01:52]} 40. Kc1 {[%emt 0:00:00]} Ra8 {[%emt 0:00:00]} 41. Kb2 {[%emt 0:02:10]} Kf7 {[%emt 0:07:22]} 42. Rc2 {[%emt 0:01:33]} Rb8+ {[%emt 0:02:43]} 43. Kc1 {[%emt 0:01:30]} Ra8 {[%emt 0:00:19]} 44. Kb2 {[%emt 0:08:01]} Rb8+ {[%emt 0:00:08]} 1/2-1/2

[Event "Azerbaijan Championship 2021"]
[Site "Nakhchivan"]
[Date "2021.05.13"]
[Round "10.1"]
[White "Asadli, Vugar"]
[Black "Durarbayli, Vasif"]
[Result "1/2-1/2"]
[WhiteElo "2572"]
[BlackElo "2606"]
[Annotator "TA"]
[PlyCount "44"]
[EventDate "2021.05.04"]
[EventType "tourn"]
[EventCountry "AZE"]
[SourceTitle "playchess.com"]
[Source "ChessBase"]
[SourceQuality "1"]

{[%evp 12,44,0,0,8,0,0,0,0,8,0,0,3,0,0,0,0,0,0,0,0,0,0,0,0,0,0,0,0,0,0,0,0,0,0]} 1. c4 Nf6 2. Nf3 e6 3. g3 d5 4. Bg2 Be7 5. d4 O-O 6. Nc3 dxc4 7. Ne5 {The position is equal.} Qd6 {E06: Closed Catalan: Early deviations.} 8. O-O Qa6 9. a4 Nc6 10. Nb5 Nxe5 11. dxe5 Rd8 12. exf6 Rxd1 13. Rxd1 Bd6 ({But not} 13... gxf6 $2 14. Nxc7 Qa5 15. Nxa8 $18) 14. Bf4 $1 {[%cal Rb5d6]} Qa5 $1 15. Bd2 Qa6 16. Bf4 Qa5 $1 17. Bd2 $36 {[%mdl 2048] [#] Black is under pressure.} Qa6 $146 ({Predecessor:} 17... Qb6 18. Be3 {½-½ (20) Kavyev,R (2327)-Kezin,R (2470) Cheliabinsk 2020}) 18. Bc3 Qb6 19. Bd4 Qa5 ({Not} 19... c5 $2 20. Be5 $1 $18 {[%mdl 512]}) 20. Bc3 Qb6 21. Bd4 Qa5 ({Don't go for} 21... c5 $2 {[#]} 22. Be5 $1 $18 {[%mdl 512]}) 22. Bc3 Qb6 {An uneventful encounter.  Weighted Error Value: White=0.00/Black=0.00} 1/2-1/2

[Event "Azerbaijan Championship 2021"]
[Site "Nakhchivan"]
[Date "2021.05.13"]
[Round "10.2"]
[White "Abasov, Nijat"]
[Black "Safarli, Eltaj"]
[Result "1-0"]
[WhiteElo "2665"]
[BlackElo "2598"]
[Annotator "TA"]
[PlyCount "71"]
[EventDate "2021.05.04"]
[EventType "tourn"]
[EventCountry "AZE"]
[SourceTitle "playchess.com"]
[Source "ChessBase"]
[SourceQuality "1"]

{[%evp 17,71,2,8,2,32,31,22,18,63,70,85,92,109,70,82,75,58,68,179,71,61,47,47,-57,56,-25,24,26,26,28,27,-13,-28,-19,-18,-37,-26,-29,-37,-36,-47,-47,-50,-34,-57,-56,0,0,0,0,1300,1059,29954,29954,4818,3268]} 1. e4 e5 2. Nf3 Nc6 3. Bc4 Bc5 4. c3 Nf6 5. d4 exd4 6. e5 d5 7. Bb5 Ne4 8. cxd4 Bb6 9. Nc3 O-O 10. Be3 {C54: Giuoco Piano: 4 c3 Nf6, main lines with 5 d4 and 5 d3.} Bf5 11. O-O {[#]} Na5 $146 ({Predecessor:} 11... Ne7 12. Nh4 c6 13. Bd3 Nxc3 14. bxc3 Bxd3 15. Qxd3 f6 16. exf6 Rxf6 17. Bg5 Rf7 {1-0 (38) Jones,G (2670)-Riff,J (2504) Chess.com INT 2020}) 12. Rc1 {The position is equal.} Bg6 13. Ne2 c6 14. Bd3 Qe7 15. a3 Rad8 16. Nf4 Bf5 17. Re1 Bg4 ({Black should try} 17... Nc4 $14) 18. h3 (18. b4 $18 {and the rest is easy.}) 18... Bxf3 $16 19. gxf3 Ng5 (19... Qg5+ $2 20. Ng2 $18) 20. Nh5 (20. h4 $14 Ne6 21. Nxe6 Qxe6 22. Bg5) 20... Nc4 (20... Ne6 $1 $15) 21. Bb1 (21. Bxc4 $14 dxc4 22. f4) 21... Nxe3 (21... Nxb2 22. Qc2 $14) 22. fxe3 {f4 is the strong threat.} f6 23. exf6 gxf6 24. Bf5 Kh8 25. Kf2 Rg8 26. Qd3 c5 27. dxc5 Bxc5 28. h4 {[#]} d4 $1 29. exd4 Qd6 {And now ...Qh2+ would win.} 30. Rxc5 Qh2+ {[%mdl 64] Double Attack} 31. Ke3 $1 Rde8+ (31... Qxh4 $15 32. Rf1 (32. Kd2 $2 Rxd4 33. Rf1 Rxd3+ 34. Bxd3 Qxh5 $19) 32... Rge8+ 33. Be4 Qxh5) 32. Be4 $11 Nxf3 33. Qe2 ({Wrong is} 33. Kxf3 $2 Rg2 $19) 33... Rxe4+ $4 {[%mdl 8192] [#]} 34. Kxe4 $18 Re8+ 35. Kxf3 {[%cal Re2e8]} Qh3+ 36. Ng3 {Weighted Error Value: White=0.19/Black=0.45} 1-0

[Event "Azerbaijan Championship 2021"]
[Site "Nakhchivan"]
[Date "2021.05.13"]
[Round "10.3"]
[White "Suleymanli, Aydin"]
[Black "Mamedov, Nidjat"]
[Result "1/2-1/2"]
[WhiteElo "2520"]
[BlackElo "2609"]
[Annotator "TA"]
[PlyCount "80"]
[EventDate "2021.05.04"]
[EventType "tourn"]
[EventCountry "AZE"]
[SourceTitle "playchess.com"]
[Source "ChessBase"]
[SourceQuality "1"]

{[%evp 18,80,22,5,78,81,79,73,64,72,76,45,49,42,45,42,41,37,42,33,67,52,62,48,43,54,52,37,43,36,34,25,62,18,45,16,34,10,21,24,42,37,39,3,0,1,0,0,0,0,4,0,0,0,0,0,0,0,0,0,0,0,0,0,0]} 1. d4 d5 2. c4 c6 3. Nc3 Nf6 4. Nf3 dxc4 5. a4 Bf5 6. e3 e6 7. Bxc4 Bb4 8. O-O Nbd7 9. Qe2 O-O 10. Ne5 Qa5 {D19: Slav Defence: 5 a4 Bf5 6 e3: Main line with 9 Qe2.} (10... Nxe5 $11 {keeps the balance.} 11. dxe5 Nd7) 11. e4 $16 Bg6 12. Nxg6 hxg6 {White is better.} 13. e5 Nd5 14. Ne4 {[#]} c5 $146 ({Predecessor:} 14... Qb6 15. Qg4 Rfe8 16. Qh4 Nf8 17. Rd1 Nh7 18. Bxd5 exd5 19. Ng5 Nxg5 20. Bxg5 Qa6 {1-0 (36) Kunsztowicz,U-Hermann,M Menden 1974}) 15. Bxd5 exd5 16. Ng5 {[#] Strongly threatening Qg4.} Rfe8 ({Much weaker is} 16... cxd4 $6 17. e6 $16) 17. Qf3 Re7 18. Qxd5 cxd4 19. Qxd4 Nf8 20. Bf4 Rd8 21. Qc4 Bd2 22. Nf3 Bxf4 23. Qxf4 Ne6 24. Qh4 Red7 25. Rac1 Rd3 26. Qc4 (26. h3 {seems wilder.} Rb3 27. Rc2 Qb4 28. Rc4 Qb6 29. Rfc1) 26... Qd5 27. Qxd5 R8xd5 28. Rc8+ Kh7 29. h4 g5 30. Nxg5+ Nxg5 {The position is equal.} 31. hxg5 {Threatens to win with f4.} Rxe5 $14 {[%mdl 4096] Endgame KRR-KRR} 32. Rc7 Rb3 33. Rxf7 Rxg5 34. Rc1 Rxb2 35. Rcc7 a5 36. Rxb7 Rxb7 37. Rxb7 Rg4 38. Ra7 Rxa4 39. f4 Rxf4 40. Rxa5 Rf6 {Weighted Error Value: White=0.08/Black=0.10} 1/2-1/2

[Event "Azerbaijan Championship 2021"]
[Site "Nakhchivan"]
[Date "2021.05.13"]
[Round "10.4"]
[White "Abbasov, Farid"]
[Black "Iskandarov, Misratdin"]
[Result "1/2-1/2"]
[WhiteElo "2528"]
[BlackElo "2535"]
[Annotator "ChessBase"]
[PlyCount "183"]
[EventDate "2021.05.04"]
[EventType "tourn"]
[EventCountry "AZE"]
[SourceTitle "playchess.com"]
[Source "ChessBase"]
[SourceQuality "1"]
[TimeControl "40/5400+30:1800+30"]

1. d4 {[%emt 0:01:44]} Nf6 {[%emt 0:00:00]} 2. c4 {[%emt 0:00:15]} g6 {[%emt 0:00:00]} 3. Nc3 {[%emt 0:00:06]} d5 {[%emt 0:01:29]} 4. cxd5 {[%emt 0:03:21]} Nxd5 {[%emt 0:00:07]} 5. e4 {[%emt 0:00:04]} Nxc3 {[%emt 0:00:07]} 6. bxc3 {[%emt 0:00:03]} Bg7 {[%emt 0:00:07]} 7. Qa4+ {[%emt 0:04:55]} Nd7 {[%emt 0:02:00]} 8. Be3 {[%emt 0:00:14]} O-O {[%emt 0:00:14]} 9. Rd1 {[%emt 0:00:07]} a6 {[%emt 0:04:32]} 10. Qa3 {[%emt 0:14:27]} c5 {[%emt 0:08:12]} 11. Nf3 {[%emt 0:05:30]} Qc7 {[%emt 0:00:38]} 12. Bd3 {[%emt 0:12:26]} b5 {[%emt 0:06:36]} 13. O-O {[%emt 0:01:14]} Bb7 {[%emt 0:00:25]} 14. d5 {[%emt 0:03:12]} Rfe8 {[%emt 0:06:36]} 15. Qc1 {[%emt 0:08:49]} Qa5 {[%emt 0:10:34]} 16. c4 {[%emt 0:00:35]} Qxa2 {[%emt 0:00:14]} 17. cxb5 {[%emt 0:00:15]} Rec8 {[%emt 0:01:13]} 18. Bh6 {[%emt 0:10:12]} Bxh6 {[%emt 0:22:44]} 19. Qxh6 {[%emt 0:00:21]} c4 {[%emt 0:00:08]} 20. Qh3 {[%emt 0:21:55]} Nf8 {[%emt 0:01:44]} 21. Bb1 {[%emt 0:00:13]} Qb2 {[%emt 0:00:32]} 22. Qh4 {[%emt 0:01:05]} Re8 {[%emt 0:01:58]} 23. bxa6 {[%emt 0:05:09]} Bxa6 {[%emt 0:02:50]} 24. Rfe1 {[%emt 0:00:10]} c3 {[%emt 0:00:34]} 25. Rc1 {[%emt 0:00:35]} e6 {[%emt 0:05:01]} 26. Qf6 {[%emt 0:01:10]} exd5 {[%emt 0:03:11]} 27. Ne5 {[%emt 0:00:58]} Rxe5 {[%emt 0:08:16]} 28. Qxe5 {[%emt 0:00:02]} d4 {[%emt 0:00:44]} 29. Qxd4 {[%emt 0:00:19]} Rc8 {[%emt 0:00:04]} 30. Rc2 {[%emt 0:02:50]} Ne6 {[%emt 0:00:16]} 31. Qf6 {[%emt 0:01:58]} Qb4 {[%emt 0:03:23]} 32. Ba2 {[%emt 0:00:10]} Qd4 {[%emt 0:00:08]} 33. Qe7 {[%emt 0:00:28]} Bc4 {[%emt 0:00:19]} 34. Qb4 {[%emt 0:01:04]} Bxa2 {[%emt 0:00:49]} 35. Qa3 {[%emt 0:00:46]} Bb1 {[%emt 0:04:40]} 36. Rxb1 {[%emt 0:00:10]} Qxe4 {[%emt 0:00:02]} 37. Qa6 {[%emt 0:00:43]} Qxc2 {[%emt 0:06:20]} 38. Qxc8+ {[%emt 0:00:03]} Kg7 {[%emt 0:00:04]} 39. Rf1 {[%emt 0:00:18]} Nf4 {[%emt 0:00:52]} 40. Qc5 {[%emt 0:00:00]} Ne2+ {[%emt 0:00:00]} 41. Kh1 {[%emt 0:00:51]} Qd2 {[%emt 0:05:07]} 42. Qe5+ {[%emt 0:03:52]} Kh6 {[%emt 0:02:49]} 43. f4 {[%emt 0:00:23]} f5 {[%emt 0:16:42]} 44. Qe7 {[%emt 0:08:16]} Nxf4 {[%emt 0:00:30]} 45. Qh4+ {[%emt 0:00:04]} Nh5 {[%emt 0:00:06]} 46. Qb4 {[%emt 0:05:43]} Qe3 {[%emt 0:04:24]} 47. Qf8+ {[%emt 0:03:15]} Ng7 {[%emt 0:00:07]} 48. Qa3 {[%emt 0:00:04]} Nh5 {[%emt 0:04:38]} 49. Rc1 {[%emt 0:02:31]} Nf4 {[%emt 0:00:21]} 50. Qxc3 {[%emt 0:05:22]} Nd3 {[%emt 0:00:47]} 51. Rc2 {[%emt 0:00:07]} Nf2+ {[%emt 0:01:01]} 52. Kg1 {[%emt 0:00:01]} Nh3+ {[%emt 0:00:09]} 53. Kf1 {[%emt 0:00:02]} Qg1+ {[%emt 0:00:08]} 54. Ke2 {[%emt 0:00:07]} Qxg2+ {[%emt 0:00:54]} 55. Kd1 {[%emt 0:01:32]} Qg1+ {[%emt 0:01:10]} 56. Qe1 {[%emt 0:00:14]} Qg4+ {[%emt 0:00:46]} 57. Qe2 {[%emt 0:00:37]} Qa4 {[%emt 0:00:33]} 58. Qc4 {[%emt 0:00:48]} Qa1+ {[%emt 0:00:18]} 59. Kd2 {[%emt 0:00:22]} f4 {[%emt 0:00:25]} 60. Qe4 {[%emt 0:01:52]} Qa5+ {[%emt 0:00:20]} 61. Kc1 {[%emt 0:00:26]} Qa3+ {[%emt 0:00:09]} 62. Kb1 {[%emt 0:00:37]} Qb3+ {[%emt 0:00:59]} 63. Kc1 {[%emt 0:00:52]} Qa3+ {[%emt 0:00:13]} 64. Kb1 {[%emt 0:00:01]} Qd6 {[%emt 0:00:22]} 65. Rc6 {[%emt 0:01:42]} Qd1+ {[%emt 0:00:45]} 66. Kb2 {[%emt 0:00:36]} Qf1 {[%emt 0:00:15]} 67. Rc2 {[%emt 0:00:55]} Ng5 {[%emt 0:00:38]} 68. Qe5 {[%emt 0:00:12]} Kh5 {[%emt 0:00:28]} 69. Qd5 {[%emt 0:00:54]} h6 {[%emt 0:00:53]} 70. Qc5 {[%emt 0:00:30]} Qe1 {[%emt 0:00:20]} 71. Rc4 {[%emt 0:01:43]} Kg4 {[%emt 0:00:45]} 72. Rc1 {[%emt 0:00:10]} Qe2+ {[%emt 0:00:14]} 73. Rc2 {[%emt 0:00:04]} Qe3 {[%emt 0:00:30]} 74. Qd6 {[%emt 0:01:26]} Qe4 {[%emt 0:00:33]} 75. Qd7+ {[%emt 0:01:15]} Qe6 {[%emt 0:00:22]} 76. Rg2+ {[%emt 0:00:37]} Kf5 {[%emt 0:00:04]} 77. Qxe6+ {[%emt 0:00:30]} Nxe6 {[%emt 0:00:06]} 78. Kc1 {[%emt 0:00:07]} g5 {[%emt 0:00:19]} 79. Kd1 {[%emt 0:00:05]} f3 {[%emt 0:01:29]} 80. Ra2 {[%emt 0:00:06]} Nf4 {[%emt 0:00:16]} 81. Ke1 {[%emt 0:00:08]} Nd3+ {[%emt 0:00:53]} 82. Kf1 {[%emt 0:00:02]} h5 {[%emt 0:00:36]} 83. Ra3 {[%emt 0:01:55]} Ke4 {[%emt 0:00:15]} 84. Ra4+ {[%emt 0:00:14]} Ke3 {[%emt 0:00:20]} 85. Ra5 {[%emt 0:00:16]} Kf4 {[%emt 0:00:12]} 86. Ra4+ {[%emt 0:00:04]} Kf5 {[%emt 0:00:13]} 87. Ra3 {[%emt 0:00:11]} Ne5 {[%emt 0:00:10]} 88. Kf2 {[%emt 0:00:29]} g4 {[%emt 0:00:09]} 89. h3 {[%emt 0:00:35]} Kf4 {[%emt 0:01:54]} 90. Ra4+ {[%emt 0:00:07]} Kg5 {[%emt 0:00:14]} 91. hxg4 {[%emt 0:00:13]} hxg4 {[%emt 0:00:04]} 92. Kg3 {[%emt 0:00:04]} 1/2-1/2

[Event "Azerbaijan Championship 2021"]
[Site "Nakhchivan"]
[Date "2021.05.13"]
[Round "10.5"]
[White "Sevdimaliyev, Urfan"]
[Black "Muradli, Mahammad"]
[Result "0-1"]
[WhiteElo "2369"]
[BlackElo "2449"]
[Annotator "TA"]
[PlyCount "86"]
[EventDate "2021.05.04"]
[EventType "tourn"]
[EventCountry "AZE"]
[SourceTitle "playchess.com"]
[Source "ChessBase"]
[SourceQuality "1"]

{[%evp 10,86,26,17,6,13,20,7,14,9,24,2,20,14,26,12,0,-12,-6,-90,-85,-80,-82,-91,-83,-77,-83,-76,-85,-93,-89,-86,-89,-156,-138,-162,-170,-177,-83,-79,-39,-75,-76,-79,-49,-53,-55,-52,-19,-38,-5,-45,-40,-54,-54,-55,-50,-45,0,-50,-40,-50,-46,-37,-37,-204,-204,-204,-204,-204,-204,-165,-104,-243,-243,-333,-365,-559,-543]} 1. e4 c5 2. Nf3 d6 3. d4 cxd4 4. Nxd4 Nf6 5. Nc3 a6 6. Nb3 g6 {B90: Sicilian Najdorf: Unusual White 6th moves, 6 Be3 Ng4 and 6 Be3 e5.} 7. f3 Bg7 8. Be3 Nc6 {The position is equal.} 9. Qd2 Be6 10. Nd5 {Hoping for Bb6.} O-O 11. c4 Rc8 12. Be2 {[#]} Ne5 $146 ({Predecessor:} 12... Nd7 13. O-O f5 14. Rac1 fxe4 15. fxe4 Rxf1+ 16. Bxf1 Nce5 17. c5 Ng4 18. Bg5 Ndf6 19. cxd6 Rxc1 20. Nxe7+ Kf7 21. Qxc1 Qxd6 {0-1 (30) Borges,G-Melendez,J Isla Margarita 1998}) 13. Rc1 b5 {[%cal Re5c4]} 14. cxb5 (14. Nd4 $11 {remains equal.}) 14... Bxd5 $17 15. exd5 axb5 16. O-O Nc4 17. Bxc4 bxc4 18. Na1 Nd7 19. Bd4 Bxd4+ 20. Qxd4 Qb6 21. Rfd1 ({White should play} 21. Nc2) 21... Ra8 22. Qxb6 Nxb6 23. a3 Rfb8 (23... Ra5 $19 {is more deadly.} 24. b3 cxb3 25. Nxb3 Rxa3) 24. Nc2 Na4 25. Nb4 $1 Nxb2 26. Rd2 Na4 (26... Nd3 $5 27. Nxd3 cxd3 28. Rxd3 Rb2 $17) 27. Rxc4 Nc5 28. Rc3 Ra4 29. Re2 Rb7 30. Kf2 Kf8 31. g3 h5 32. h4 Rba7 33. Ree3 Rb7 34. Re2 Nd7 35. Rc8+ Kg7 36. Rxe7 Rxa3 37. Rd8 $2 {[#]} Rxb4 $19 38. Rdxd7 {[%mdl 4096] Endgame KRR-KRR} Rb2+ 39. Re2 Rbb3 40. Kf1 Rd3 (40... Rxf3+ $19 41. Rf2 Kf8) 41. Re4 (41. Rf2 $17 {was called for.}) 41... Rxf3+ 42. Ke2 {[#]} Rfb3 $1 ({Inferior is} 42... Rxg3 43. Rf4 $11) 43. Kd2 (43. Kf1 $142 Rxg3 44. Rf4 Rgf3+ 45. Rxf3 Rxf3+ 46. Kg2) 43... Ra2+ {Weighted Error Value: White=0.32/Black=0.12} 0-1

[Event "Azerbaijan Championship 2021"]
[Site "Nakhchivan"]
[Date "2021.05.13"]
[Round "10.6"]
[White "Garayev, Kanan"]
[Black "Gadimbayli, Abdulla"]
[Result "1/2-1/2"]
[WhiteElo "2331"]
[BlackElo "2470"]
[Annotator "TA"]
[PlyCount "47"]
[EventDate "2021.05.04"]
[EventType "tourn"]
[EventCountry "AZE"]
[SourceTitle "playchess.com"]
[Source "ChessBase"]
[SourceQuality "1"]

{[%evp 10,47,15,-24,9,5,12,-27,33,0,0,0,0,0,0,0,26,0,0,-11,22,18,12,0,54,56,77,0,0,0,0,0,0,0,0,0,0,0,0,0]} 1. d4 Nf6 2. Nf3 d5 3. c4 e6 4. g3 Bb4+ 5. Nbd2 dxc4 6. Bg2 a5 {E04: Open Catalan: 5 Nf3.} (6... b5 {looks sharper.} 7. a3 Be7 8. b3 cxb3 9. Qxb3 c6) 7. a3 $1 {[%mdl 4] is more profitable than 7.0-0 at the moment.} Bxd2+ 8. Bxd2 O-O (8... a4 $11) 9. Qc2 {[%mdl 1024] White has compensation.} b5 10. a4 c6 11. h4 Bb7 12. h5 h6 13. g4 Nxg4 14. Rg1 {[#] Hoping for Bh3.} f5 (14... Kh8 {keeps more tension.} 15. axb5 cxb5 16. Ng5 hxg5 17. Bxb7 Ra7) 15. Bh3 c5 $1 {[%cal Rc5d4]} 16. Bxg4 {[#] Bxh6! is the strong threat.} fxg4 $146 (16... Be4 $1 $11 17. Qc3 b4 18. Qxc4 Bd5) ({Predecessor:} 16... Be4 17. Qc3 fxg4 18. Rxg4 Bxf3 19. exf3 cxd4 20. Rxd4 b4 21. Rxd8 bxc3 22. Rxf8+ Kxf8 23. Bxc3 {1-0 (41) Prohaszka,P (2610)-Gavrilescu,D (2451) Batumi 2019}) 17. Rxg4 $14 Bxf3 {[#]} 18. Rxg7+ Kxg7 $11 {The position is equal.} 19. Qg6+ {[%mdl 64] Double Attack} Kh8 20. Qxh6+ Kg8 21. Qg6+ Kh8 {And now ...Rf6 would win.} 22. Qh6+ Kg8 23. Qg6+ Kh8 {Threatens to win with ...Rf6.} 24. Qh6+ {Weighted Error Value: White=0.15/Black=0.18} 1/2-1/2

[Event "Azerbaijan Championship 2021"]
[Site "Nakhchivan"]
[Date "2021.05.14"]
[Round "11.2"]
[White "Durarbayli, Vasif"]
[Black "Sevdimaliyev, Urfan"]
[Result "1-0"]
[WhiteElo "2606"]
[BlackElo "2369"]
[Annotator "TA"]
[PlyCount "61"]
[EventDate "2021.05.04"]
[EventType "tourn"]
[EventCountry "AZE"]
[SourceTitle "playchess.com"]
[Source "ChessBase"]
[SourceQuality "1"]

{[%evp 16,61,31,29,27,33,23,24,30,5,62,0,0,0,0,0,67,74,66,60,80,77,70,19,11,0,0,19,18,27,142,114,220,207,255,234,285,189,299,272,268,287,552,534,517,453,539,527]} 1. e4 c5 2. Nf3 Nc6 3. Bb5 d6 4. O-O Bd7 5. Re1 Nf6 6. c3 a6 7. Bf1 Bg4 8. d4 cxd4 9. cxd4 e5 {B51: Sicilian: Moscow Variation (3 Bb5+) without 3...Bd7.} 10. d5 {10.Be3 injects fresh life into this line.} Nd4 11. Be3 Nxf3+ {White has an edge.} 12. gxf3 Bc8 (12... Bd7 $11) 13. a4 (13. Nd2 $14) 13... Be7 $11 {[#]} 14. a5 $146 ({Predecessor:} 14. Nd2 Nh5 15. Nc4 Bg5 16. Qb3 O-O 17. Qb6 Bxe3 18. fxe3 Qf6 19. Qxd6 Qxf3 20. Bg2 {½-½ (34) Kilic,E (1998)-Apaydin,F (2234) Manavgat 2016}) 14... O-O 15. Qa4 Nh5 (15... Bd7 $11 16. Qb4 Nh5) 16. Bb6 $1 $14 {[%cal Rb6d8]} Qd7 17. Rc1 Bd8 {[#]} 18. Qxd7 Bxd7 19. Na3 ({White should play} 19. Bxd8 $14 Rfxd8 20. Na3) 19... f5 $1 $11 20. Bxd8 Raxd8 21. Rc7 fxe4 22. fxe4 Bc8 (22... Bg4 $1 $11) 23. Rac1 $16 Nf4 (23... Bg4 $16) 24. R1c3 $18 h5 25. Nc4 Rf6 26. h3 Rdf8 (26... Bd7 $142 27. Rxb7 Bb5) 27. Rg3 g6 28. Rb3 Rd8 $2 {[#]} (28... g5 {is a better defense.} 29. Rb6 (29. Nb6 Bxh3 30. Bxh3 Ne2+ {[%mdl 64] Discovered Attack} 31. Kh1 Rxf2 $16) 29... Nxh3+ 30. Bxh3 Bxh3) 29. Nb6 {White is clearly winning.} Rff8 30. Kh2 h4 31. f3 {Weighted Error Value: White=0.14/Black=0.47} ({Not} 31. Rxc8 Rxc8 32. Nxc8 {[%mdl 64] Discovered Attack} Rxc8 $18) 1-0

[Event "Azerbaijan Championship 2021"]
[Site "Nakhchivan"]
[Date "2021.05.14"]
[Round "11.4"]
[White "Iskandarov, Misratdin"]
[Black "Suleymanli, Aydin"]
[Result "1/2-1/2"]
[WhiteElo "2535"]
[BlackElo "2520"]
[Annotator "TA"]
[PlyCount "81"]
[EventDate "2021.05.04"]
[EventType "tourn"]
[EventCountry "AZE"]
[SourceTitle "playchess.com"]
[Source "ChessBase"]
[SourceQuality "1"]

{[%evp 13,81,27,61,66,62,61,52,31,30,39,94,87,88,85,97,76,78,90,101,114,102,103,150,150,147,154,193,208,213,134,239,232,232,227,231,228,433,224,214,220,211,191,208,224,210,84,92,14,14,16,61,16,12,13,12,12,16,16,17,0,0,0,0,0,0,0,0,0,0,0]} 1. Nf3 d5 2. g3 Bf5 3. c4 e6 4. Bg2 c6 5. O-O Nd7 6. d3 h6 7. Nc3 Ngf6 8. cxd5 {A11: English Opening: 1...c6.} cxd5 9. Bf4 Bc5 10. d4 {White is slightly better.} Be7 11. Nb5 {Black must now prevent Nc7+.} O-O {[#]} (11... Rc8 $14) 12. Bc7 $146 {[%cal Rc7d8]} ({Predecessor:} 12. Nd6 Bxd6 13. Bxd6 Re8 14. Ne5 Qb6 15. Nxd7 Nxd7 16. Ba3 Rac8 17. Qa4 Rc7 18. Rfc1 Rec8 19. b3 a6 20. Rxc7 Rxc7 21. Rc1 Rxc1+ 22. Bxc1 {½-½ (21) Johansen,M-Sivakumaran,S Szombathely 1993}) 12... Qc8 13. Rc1 $1 b6 14. Qa4 {Strongly threatening Nd6.} Qb7 15. Bd6 $36 {[%mdl 2048] Black is under strong pressure.} a6 16. Bxe7 axb5 17. Qxb5 Ra5 18. Qc6 Qxc6 19. Rxc6 Rxa2 20. Bxf8 Kxf8 21. Ne5 Nxe5 (21... g5 $16) 22. dxe5 $18 Nd7 23. f4 Rxb2 24. Ra1 g5 $2 (24... Rc2 25. Rxc2 Bxc2) 25. Ra8+ (25. Rc7 $142) 25... Kg7 {[#]} 26. Rcc8 $1 {[%cal Rc8g8]} Bh7 27. Rd8 Nc5 {[#]} 28. Bf3 {[%cal Rf3h5]} gxf4 29. Bh5 (29. gxf4 $18 {is the precise move to win. Hoping for Bh5.} Kg6 30. Rh8) 29... f3 $16 30. Bxf3 (30. exf3 $16 {Threatening mate with Rf8.} Nd3 31. f4 Rb1+ 32. Kg2 Rb2+ 33. Kh3) 30... Rb1+ $1 $11 31. Kg2 {Bh5 is the strong threat.} Rb2 32. Ra7 Nd3 {The position is equal.} 33. Re8 Kg6 34. h3 Nxe5 {[#]} 35. Bxd5 $1 {Threatens to win with Be4+.} Kf6 {[#]} 36. Ra2 $1 Be4+ $1 37. Kh2 Nf3+ $1 38. Kg2 Ne5+ 39. Kh2 Nf3+ $1 40. Kg2 Ne5+ 41. Kh2 {White really could win this.  Weighted Error Value: White=0.22/Black=0.14} 1/2-1/2